UBT Library

The Development of Western music : (Record no. 45147)

000 -LEADER
fixed length control field 00572ccm a2200217 a 4500
001 - CONTROL NUMBER
control field 5668511
005 - DATE AND TIME OF LATEST TRANSACTION
control field 20180315085203.0
008 - FIXED-LENGTH DATA ELEMENTS--GENERAL INFORMATION
fixed length control field 940215s1994 wiuuua n mul
010 ## - LIBRARY OF CONGRESS CONTROL NUMBER
LC control number 93072779
Canceled/invalid LC control number 93072780
020 ## - INTERNATIONAL STANDARD BOOK NUMBER
International Standard Book Number 0697125491 (v. 1)
020 ## - INTERNATIONAL STANDARD BOOK NUMBER
International Standard Book Number 0697125505 (v. 2)
040 ## - CATALOGING SOURCE
Original cataloging agency DLC
Transcribing agency DLC
Modifying agency DLC
041 ## - LANGUAGE CODE
Language code of text/sound track or separate title eng
080 ## - UNIVERSAL DECIMAL CLASSIFICATION NUMBER
Universal Decimal Classification number 78
100 ## - Rafti
Rafti 45
101 ## - Shkurtesa
Shkurtesa MUZ
245 04 - TITLE STATEMENT
Title The Development of Western music :
Statement of responsibility, etc edited by K Marie Stolba.
906 ## - LOCAL DATA ELEMENT F, LDF (RLIN)
a 7
b cbc
c orignew
d 3
e ncip
f 19
g y-genmusic
942 ## - ADDED ENTRY ELEMENTS (KOHA)
Source of classification or shelving scheme
Item type Books
Holdings
Withdrawn status Lost status Source of classification or shelving scheme Damaged status Not for loan Collection code Permanent location Current location Shelving location Date acquired Total Checkouts Full call number Barcode Date last seen Price effective from Koha item type
          Koleksioni i përgjithshem UBT - Lipjan UBT - Lipjan Koleksioni i përgjithshem 03/15/2018   78 MAR 002-3001902 03/15/2018 03/15/2018 Books
UBT Library © 2015-2024. All rights reserved University Education for Business and Technology